000 00576nam a2200169Ia 4500
003 GCL
008 140319s9999 xx 000 0 ara d
040 _aGCL /
_cGCL
082 0 4 _a811.9
_bا ط
100 1 _aاحمد سويلم
245 1 0 _aالطريق والقلب الحائر (هدية من الاديب عبدالفتاح الجمل) /
_cاحمد سويلم
300 _a146 ص
490 _aالهيئة العامة للاستعلامات
_v0
650 0 4 _aالادب العربى
650 0 4 _aالشعر العربى - العصر الحديث
942 _2ddc
_cBK
999 _c47271
_d47271